00485nam a2200193 a 4500001001300000003000900013005001700022008004100039020001000080082001800090100001800108245001500126260003900141300000900180500003500189505003400224650001500258700001800273nice12345678IN_TiNIC20260116011436.0050524s1961 alia grp 000 0 urd  ac4.500a891.4392bRAY aRayees, Qamar aUrdu Drama aAligarhbSir Syed Book Depotc1961 a302p aincludes index and biblioraphy2 ascn book club study project.3 aDrama-Urdu1 aRayees, Qamar